| 000 | 00442nam a2200157Ia 4500 | ||
|---|---|---|---|
| 003 | IQ-KOUCL | ||
| 041 | _aArabic | ||
| 082 | _a210,240 cut-398 ر | ||
| 100 | _a20260118u\\\\\\\\\\\y0engy0103\\\\ba | ||
| 100 | _aابراهيم بن عامر الرحيلي | ||
| 245 | 0 | _aالتكفير وضوابطه | |
| 250 | _aط1 | ||
| 260 |
_bجمعية احياء التراث الاسلامي _aالكويت _c2022 |
||
| 300 | _a364 | ||
| 942 | _cBk | ||
| 999 |
_c186310 _d186310 |
||